[Event "Oslo Open 2016"]
[Site "Fornebu NOR"]
[Date "2016.10.03"]
[Round "4.13"]
[White "Hauge, Lars Oskar"]
[Black "Holleland, Sigve"]
[Result "1-0"]
[WhiteTitle "IM"]
[WhiteElo "2385"]
[BlackElo "2052"]
[WhiteFideId "1509276"]
[BlackFideId "1513672"]
[EventDate "2016.09.30"]

1. e4 c6 2. d4 d5 3. e5 Bf5 4. Nc3 e6 5. g4 Bg6 6. Nge2 c5 7. Be3 Nc6 8. dxc5
Nxe5 9. Nf4 Nf6 10. Bb5+ Nfd7 11. Qe2 Nc6 12. O-O-O Bxc5 13. h4 Bxe3+ 14. Qxe3
d4 15. Rxd4 Nxd4 16. Qxd4 O-O 17. Qxd7 Qf6 18. Qd2 Rfd8 19. Qe3 a6 20. Bd3 Bxd3
21. Nxd3 b5 22. h5 h6 23. Ne4 Qe7 24. g5 hxg5 25. Qxg5 f6 26. Qg6 Rac8 27. Rg1
Rxd3 28. Nxf6+ Kf8 29. Nh7+ Kg8 30. Qxd3 Rf8 1-0

[Event "Oslo Open 2016"]
[Site "Fornebu NOR"]
[Date "2016.10.03"]
[Round "4.14"]
[White "Mihajlov, Sebastian"]
[Black "Nordquelle, Daniel"]
[Result "1-0"]
[WhiteTitle "FM"]
[WhiteElo "2356"]
[BlackElo "2013"]
[WhiteFideId "1512110"]
[BlackFideId "1519042"]
[EventDate "2016.09.30"]

1. d4 Nf6 2. c4 c5 3. d5 e6 4. Nc3 exd5 5. cxd5 d6 6. Nf3 a6 7. a4 g6 8. e4 Bg4
9. h3 Bxf3 10. Qxf3 Nbd7 11. Be2 Qe7 12. O-O Bg7 13. Bf4 O-O 14. Rfe1 h5 15. Bh2
Nh7 16. Qg3 Ne5 17. Kh1 h4 18. Qe3 g5 19. Bh5 Rab8 20. g3 b5 21. gxh4 Nc4 22.
Qe2 gxh4 23. f4 Bd4 24. Bg4 Nxb2 25. Bf5 f6 26. Qxb2 b4 27. Qg2+ Qg7 28. Qf3
bxc3 29. Rg1 Bxg1 30. Rxg1 Ng5 31. fxg5 fxg5 32. Bf4 Qd4 33. Be6+ Kg7 34. Rxg5+
Kf6 35. Be5+ 1-0

[Event "Oslo Open 2016"]
[Site "Fornebu NOR"]
[Date "2016.10.03"]
[Round "4.15"]
[White "Risting, Eivind Olav"]
[Black "Wetle Hoem, Tor"]
[Result "1/2-1/2"]
[WhiteTitle "FM"]
[WhiteElo "2292"]
[BlackElo "1988"]
[WhiteFideId "1517333"]
[BlackFideId "1505335"]
[EventDate "2016.09.30"]

1. d4 Nf6 2. Bg5 Ne4 3. Bf4 c5 4. f3 Qa5+ 5. c3 Nf6 6. d5 d6 7. e4 a6 8. a4 g6
9. Na3 Nbd7 10. Nc4 Qc7 11. Bd3 Bg7 12. Ne2 O-O 13. O-O Nh5 14. Be3 Ne5 15. Nxe5
Bxe5 16. f4 Bg7 17. Qb3 Nf6 18. c4 e6 19. dxe6 fxe6 20. Bd2 Bd7 21. Bc3 Bc6 22.
Qc2 Rad8 23. Rae1 Ng4 24. Bd2 Qd7 25. h3 Nf6 26. Nc3 Nh5 27. b3 Bd4+ 28. Kh2 Qe7
29. Ne2 Bg7 30. g4 Nf6 31. Kg3 e5 32. f5 gxf5 33. gxf5 b5 34. axb5 axb5 35. cxb5
Bb7 36. Kh2 d5 1/2-1/2

[Event "Oslo Open 2016"]
[Site "Fornebu NOR"]
[Date "2016.10.03"]
[Round "4.17"]
[White "Ronneland, Daniel"]
[Black "Gronn, Eskil Ekeland"]
[Result "1-0"]
[WhiteElo "2192"]
[BlackElo "1958"]
[WhiteFideId "1702130"]
[BlackFideId "1507010"]
[EventDate "2016.09.30"]

1. d4 Nf6 2. c4 c5 3. d5 e6 4. Nc3 exd5 5. cxd5 d6 6. e4 g6 7. Nf3 Bg7 8. h3 O-O
9. Bd3 b5 10. Nxb5 Re8 11. O-O Nxe4 12. Re1 a6 13. Na3 Nf6 14. Rxe8+ Nxe8 15.
Nc4 Nd7 16. Bd2 Bb7 17. Ba5 Qe7 18. Ne3 Nef6 19. Qb3 Rb8 20. Bc7 c4 21. Bxc4 Nc5
22. Qb6 Nfd7 23. Qxd6 Qxd6 24. Bxd6 Rc8 25. Rb1 Nb6 26. b3 Ne4 27. Bb4 Bc3 28.
Ba3 a5 29. Rd1 Bf6 30. d6 Nc3 31. Rd3 Be4 32. d7 Rd8 33. Rd6 Nxd7 34. Ra6 Ra8
35. Rxa8+ Bxa8 36. Ng4 Bg7 37. Ng5 Bd5 38. Bxd5 Nxd5 39. Bd6 h5 40. Ne3 Nxe3 41.
fxe3 Bh6 42. Bf4 Nc5 43. Nf3 Bxf4 44. exf4 Nd3 45. g3 Nc1 46. Nd4 Nxa2 47. Nc6
Kf8 48. Kf2 Ke8 49. Ke3 Kd7 50. Nxa5 Nb4 51. Nc4 f6 52. Nd2 Ke6 53. Nf3 Kd5 54.
h4 Nc6 55. Nd2 Nd4 56. Kd3 Nc6 57. Kc3 Nd4 58. Kd3 Nc6 59. Ne4 Ke6 60. Nc3 Kf5
61. Ke3 g5 62. Nd5 Ke6 63. Nc3 Kf5 64. fxg5 fxg5 65. hxg5 Kxg5 66. Ne4+ Kg4 67.
Nf6+ Kg5 68. Nd5 Kg4 69. Kf2 Kf5 70. Ke3 Kg4 71. Nf6+ Kg5 72. Ne4+ Kf5 73. Nd2
Kg4 74. Kf2 Kf5 75. Kg2 Kg4 76. Nc4 Kf5 77. Kh3 Kg5 78. Nd6 Nb4 79. Ne4+ Kf5 80.
Nd2 Nd3 81. Kh4 Kg6 82. Nf3 Nb4 83. Ne5+ Kh6 84. Nf3 Nc6 85. Ne1 Nd4 86. b4 Nf5+
87. Kh3 Nd4 88. Nd3 Kg5 89. Nf2 Kg6 90. Nd1 Nb5 91. Kh4 Kh6 92. Ne3 Nd4 93. Nd5
Nf5+ 94. Kh3 Nd4 95. Nc3 Nf5 96. b5 Nd6 97. b6 Nb7 98. Kh4 Nd6 99. Nb5 Nb7 100.
Nc7 Nd6 101. Ne8 Nb7 102. Nf6 Kg6 103. Nxh5 Kf5 104. g4+ Ke6 105. g5 Kd7 106. g6
Nd6 107. Kg5 Ne8 108. Nf6+ 1-0

[Event "Oslo Open 2016"]
[Site "Fornebu NOR"]
[Date "2016.10.03"]
[Round "4.18"]
[White "Haugsrud, Hakon"]
[Black "Sahl, Sheila Barth"]
[Result "0-1"]
[BlackTitle "WIM"]
[WhiteElo "1969"]
[BlackElo "2181"]
[WhiteFideId "1503588"]
[BlackFideId "1500953"]
[EventDate "2016.09.30"]

1. e4 c6 2. d4 g6 3. Nc3 Bg7 4. Be3 d5 5. Qd2 dxe4 6. Nxe4 Nd7 7. Bc4 Nb6 8. Bb3
Nf6 9. Ng3 a5 10. a4 O-O 11. Nf3 Nbd5 12. Bh6 Qd6 13. O-O Ng4 14. Bxg7 Kxg7 15.
Rfe1 Ngf6 16. h3 h6 17. Rad1 Be6 18. Ne5 Qb4 19. Qd3 Nf4 20. Qf3 Bxb3 21. cxb3
N4d5 22. h4 h5 23. Qd3 Rad8 24. Qc4 Qd6 25. Ne4 Nxe4 26. Rxe4 Nf6 27. Ree1 Qd5
28. Nf3 Qd7 29. Qc5 Nd5 30. Qxa5 Qg4 31. Kh1 Rd6 32. Qd2 Nf4 33. Rg1 Rfd8 34.
Qe3 Re6 35. Qc3 Ne2 36. Qb4 Nxg1 37. Kxg1 Rd7 38. Qc3 Rf6 39. Kf1 Rd5 40. Re1
Re6 41. Ra1 Qe4 42. Kg1 f6 43. b4 Rf5 44. b5 Qd5 45. b6 Re4 46. a5 Qb5 47. b4
Rd5 48. Ra2 e5 49. Rd2 Kh6 50. dxe5 fxe5 51. Rxd5 Qxd5 52. Qc1+ Kg7 53. a6 bxa6
54. b7 Rxb4 55. Qg5 Rb1+ 56. Kh2 Rxb7 57. Nxe5 Qd6 58. g3 Qf6 59. Qe3 Re7 60. f4
Kh7 61. Qb6 Qe6 62. Qxa6 c5 63. Qd3 Qa2+ 64. Kh3 Qe6+ 65. Kh2 Rb7 66. Qc2 Qf5
67. Qg2 Qb1 68. Nc4 Ra7 69. Nd2 Ra2 0-1

[Event "Oslo Open 2016"]
[Site "Fornebu NOR"]
[Date "2016.10.03"]
[Round "4.19"]
[White "Ranaldi, Lucas"]
[Black "Budzyn, Marcus"]
[Result "1-0"]
[WhiteElo "2176"]
[BlackElo "1954"]
[WhiteFideId "1519484"]
[BlackFideId "16201639"]
[EventDate "2016.09.30"]

1. Nf3 d5 2. c4 c6 3. e3 g6 4. Nc3 Nf6 5. d4 Bg7 6. Be2 O-O 7. O-O e6 8. Qc2
Nbd7 9. Rd1 Re8 10. b3 b6 11. e4 dxe4 12. Nxe4 Nxe4 13. Qxe4 Bb7 14. Bg5 Qc7 15.
Rac1 c5 16. Qh4 cxd4 17. Nxd4 a6 18. Bf3 Bxf3 19. Nxf3 f6 20. Be3 Rad8 21. Qe4
Bf8 22. Qb1 Bc5 23. Bd2 Ne5 24. Nxe5 Qxe5 25. Be1 a5 26. Qc2 Kf7 27. Rd3 Rxd3
28. Qxd3 Qd6 29. Qxd6 Bxd6 30. Rd1 Ke7 31. Kf1 Rc8 32. a4 Bc5 33. Bc3 Rc6 34.
Rd3 h5 35. Ke2 Rc8 36. h3 Rg8 37. Rf3 f5 38. Be1 Rh8 39. Rg3 Kf7 40. Rd3 Re8 41.
Rd7+ Re7 42. Rd8 Re8 43. Rd7+ Re7 44. Rd3 Ke8 45. Bc3 Rd7 46. Rg3 Kf7 47. f4 Rd8
48. Rf3 h4 49. Be1 Be7 50. Bf2 Rd6 51. Rd3 Rxd3 52. Kxd3 Bd8 53. c5 bxc5 54.
Bxc5 Bc7 55. Be3 Ke7 56. Kc4 Kd7 57. Kb5 Kc8 58. Kc6 Kb8 59. Kd7 e5 60. fxe5
Bxe5 61. Bd2 Bc7 62. Ke6 Bd8 63. Kd7 Bc7 64. Ke7 1-0

[Event "Oslo Open 2016"]
[Site "Fornebu NOR"]
[Date "2016.10.03"]
[Round "4.20"]
[White "Dahl, Trygve"]
[Black "Nilsen, Tobias Lang"]
[Result "1-0"]
[WhiteElo "2167"]
[BlackElo "1941"]
[WhiteFideId "1513427"]
[BlackFideId "1521624"]
[EventDate "2016.09.30"]

1. e4 e6 2. d4 d5 3. Nc3 Nf6 4. Bg5 Bb4 5. exd5 exd5 6. Bd3 Nc6 7. a3 Be7 8.
Nge2 h6 9. Bf4 Bd6 10. Qd2 a6 11. O-O-O Bxf4 12. Qxf4 O-O 13. f3 Ne7 14. g4 Ng6
15. Qg3 c6 16. h4 Ne8 17. f4 Qd6 18. Qf3 f5 19. g5 h5 20. Rdf1 b5 21. Qxh5 a5
22. Nd1 a4 23. c3 Nc7 24. Ne3 Na6 25. Ng4 b4 26. axb4 Nxb4 27. cxb4 a3 28. b3 a2
29. Kc2 Ra3 30. Kb2 Qxb4 31. Nh6+ gxh6 32. Qxg6+ Kh8 33. Bc2 Ra7 34. Qxh6+ Kg8
35. Qxc6 Qa3+ 36. Ka1 Ra6 37. Qc5 Qxc5 38. dxc5 Rc6 39. b4 Ba6 40. Nd4 Bxf1 41.
Nxc6 Bc4 42. Ne7+ 1-0

[Event "Oslo Open 2016"]
[Site "Fornebu NOR"]
[Date "2016.10.03"]
[Round "4.21"]
[White "Hoti, Nimon"]
[Black "Terbe, Zsuzsanna"]
[Result "1/2-1/2"]
[BlackTitle "WFM"]
[WhiteElo "1959"]
[BlackElo "2160"]
[WhiteFideId "1510746"]
[BlackFideId "708801"]
[EventDate "2016.09.30"]

1. e4 c5 2. Nf3 Nc6 3. d4 cxd4 4. Bc4 Nf6 5. Qe2 e6 6. O-O Be7 7. Bb3 O-O 8. Rd1
e5 9. h3 Bc5 10. c3 Qb6 11. Na3 Bxa3 12. bxa3 dxc3 13. Be3 Qa5 14. Bg5 Qxa3 15.
Rac1 Qb4 16. Bxf6 gxf6 17. Rd3 Kh8 18. Rcxc3 Qe7 19. Qd1 d6 20. Rxd6 Nd4 21. Rd5
Nxf3+ 22. Qxf3 Be6 23. Rc7 Qxc7 24. Qxf6+ Kg8 25. Qg5+ Kh8 26. Qf6+ 1/2-1/2

[Event "Oslo Open 2016"]
[Site "Fornebu NOR"]
[Date "2016.10.03"]
[Round "4.22"]
[White "Van den Bersselaar, Jeroen"]
[Black "Omtvedt, Per"]
[Result "1-0"]
[WhiteElo "2143"]
[BlackElo "1929"]
[WhiteFideId "1006282"]
[BlackFideId "1503235"]
[EventDate "2016.09.30"]

1. d4 Nf6 2. Bg5 e6 3. e4 h6 4. Bxf6 Qxf6 5. c3 d6 6. Bd3 e5 7. Ne2 g6 8. O-O
Bg7 9. f4 exd4 10. cxd4 Bg4 11. e5 Qe6 12. Nbc3 dxe5 13. fxe5 O-O 14. h3 Bxe2
15. Qxe2 Nd7 16. Bc4 Qb6 17. Qf2 Nxe5 18. dxe5 Bxe5 19. Qxb6 axb6 20. Rad1 Bd6
21. Ne4 Rad8 22. Nxd6 1-0

[Event "Oslo Open 2016"]
[Site "Fornebu NOR"]
[Date "2016.10.03"]
[Round "4.23"]
[White "Byrne, Alex"]
[Black "Djurhuus, Eivind X"]
[Result "0-1"]
[WhiteElo "1955"]
[BlackElo "2127"]
[WhiteFideId "2508788"]
[BlackFideId "1515721"]
[EventDate "2016.09.30"]

1. e4 e6 2. d4 d5 3. Nd2 Nf6 4. e5 Nfd7 5. Bd3 c5 6. c3 Nc6 7. Ne2 cxd4 8. cxd4
f6 9. exf6 Nxf6 10. Nf3 Bd6 11. O-O Qc7 12. Re1 O-O 13. Ng3 Bd7 14. Bg5 h6 15.
Bd2 Ng4 16. Rc1 Qb6 17. Qb3 Qxb3 18. axb3 e5 19. dxe5 Ncxe5 20. Nxe5 Bxe5 21.
Bc3 Bxc3 22. Rxc3 Nxf2 23. Re7 Bc6 24. Bf5 Ne4 25. Be6+ Kh8 26. Nxe4 dxe4 27.
Rg3 Rad8 28. h4 Rfe8 29. Rgxg7 Rxe7 30. Rxe7 Rd1+ 31. Kf2 Rd2+ 32. Ke3 Rxg2 33.
Bf5 Rxb2 34. Rh7+ Kg8 35. Rxh6 Rxb3+ 36. Kd2 Rf3 37. Be6+ Kg7 38. Rh5 Kf6 39.
Bc4 Rh3 40. Be2 Kg6 41. Rg5+ Kf6 42. Rh5 a6 43. Bxa6 e3+ 44. Ke1 Bf3 45. Rh6+
Kg7 46. Re6 Rh1+ 47. Bf1 e2 48. Rxe2 Bxe2 49. Kxe2 Rxh4 50. Kd2 Kf6 51. Kc3 Ke5
52. Bc4 Kd6 53. Bb3 Kc5 54. Bc2 Rh3+ 55. Kb2 b5 56. Bb3 Kb4 57. Bc2 Rh2 58. Kb1
Kc3 59. Be4 b4 60. Ka1 b3 61. Bb1 b2+ 62. Ka2 Rh5 0-1

[Event "Oslo Open 2016"]
[Site "Fornebu NOR"]
[Date "2016.10.03"]
[Round "4.24"]
[White "Smeby, Ole"]
[Black "Lund, Terje"]
[Result "1-0"]
[WhiteElo "1888"]
[BlackElo "2103"]
[WhiteFideId "1503677"]
[BlackFideId "1504754"]
[EventDate "2016.09.30"]

1. d4 d5 2. Nf3 Nf6 3. e3 e6 4. c4 c6 5. Bd3 dxc4 6. Bxc4 b5 7. Bd3 a6 8. O-O c5
9. Nc3 Nc6 10. Ne4 cxd4 11. Nxf6+ Qxf6 12. Be4 Bb7 13. exd4 h6 14. Ne5 Rc8 15.
Be3 Bd6 16. Nxc6 Bxh2+ 17. Kxh2 Qh4+ 18. Kg1 Qxe4 19. d5 Bxc6 20. dxc6 Rxc6 21.
Qd4 Qg6 22. Rac1 Rxc1 23. Rxc1 O-O 24. Qb6 f5 25. f4 h5 26. Qxa6 h4 27. Rc8 Rxc8
28. Qxc8+ Kh7 29. Qc6 Qg3 30. Qf3 Qe1+ 31. Kh2 Kg8 32. Qf2 Qb1 33. a3 h3 34.
gxh3 Kf7 35. Bd4 g5 36. fxg5 Kg6 37. Bf6 Qe4 38. Bc3 f4 39. Qe1 Qc2+ 40. Kg1 Kf7
41. Qd2 Qe4 42. Qd4 Qf3 43. Qf6+ Ke8 44. Qxe6+ Kf8 45. Bb4+ Kg7 46. Qf6+ Kh7 47.
Qf7+ 1-0

[Event "Oslo Open 2016"]
[Site "Fornebu NOR"]
[Date "2016.10.03"]
[Round "4.25"]
[White "Rishovd, Svein"]
[Black "Kaasen, Tor Fredrik"]
[Result "0-1"]
[WhiteElo "2101"]
[BlackElo "1927"]
[WhiteFideId "1513060"]
[BlackFideId "1516647"]
[EventDate "2016.09.30"]

1. d4 Nf6 2. c4 g6 3. Nf3 Bg7 4. g3 c5 5. Bg2 O-O 6. O-O cxd4 7. Nxd4 d5 8. cxd5
Nxd5 9. Nc3 Nxc3 10. bxc3 Qa5 11. Qb3 Nc6 12. Nxc6 bxc6 13. Ba3 Be6 14. Qb4 Qa6
15. Qc5 Qxe2 16. Qxc6 Rac8 17. Qb7 Bxc3 18. Bxe7 Bxa1 19. Bxf8 Qxa2 20. Bh6 Bd4
21. Qe4 Qb2 22. Be3 Bxe3 23. Qxe3 a5 24. Be4 Rc3 25. Qg5 Ra3 26. h4 Qd4 27. Qf4
h5 28. Re1 Ra1 29. Qb8+ Kg7 30. Rxa1 Qxa1+ 31. Kg2 a4 32. f4 a3 33. Bb1 a2 34.
Bxa2 Qxa2+ 35. Kg1 Bd5 0-1

[Event "Oslo Open 2016"]
[Site "Fornebu NOR"]
[Date "2016.10.03"]
[Round "4.26"]
[White "Nesheim, Mathias"]
[Black "Gulbrandsen, Tor"]
[Result "1/2-1/2"]
[WhiteElo "1872"]
[BlackElo "2075"]
[WhiteFideId "1520296"]
[BlackFideId "1504142"]
[EventDate "2016.09.30"]

1. e4 e6 2. d4 d5 3. Nd2 dxe4 4. Nxe4 Nd7 5. Nf3 Ngf6 6. Bd3 Be7 7. O-O O-O 8.
Nxf6+ Bxf6 9. Qe2 c5 10. c3 Qc7 11. Re1 g6 12. Bh6 Re8 13. Ne5 Nxe5 14. dxe5 Bg7
15. Bxg7 Kxg7 16. Qf3 Qe7 17. Be4 Rb8 18. Rad1 b5 19. Bc6 Rf8 20. Re3 Bb7 21.
Rd7 Bxc6 22. Qxc6 Rfd8 23. Red3 Rxd7 24. Rxd7 Rd8 25. Rd6 Qg5 26. g3 Rf8 27.
Qxc5 Qc1+ 28. Kg2 Qxb2 29. Ra6 Qe2 30. Qd4 b4 31. c4 Rc8 32. Qf4 Qxc4 33. Qf6+
Kg8 34. Rxa7 Qe4+ 35. f3 Qc2+ 36. Kh3 Qf5+ 37. Qxf5 gxf5 38. Rb7 Rc2 39. Rxb4
Rxa2 40. Rb7 Kg7 41. f4 Kg6 1/2-1/2

[Event "Oslo Open 2016"]
[Site "Fornebu NOR"]
[Date "2016.10.03"]
[Round "5.1"]
[White "Kovalenko, Igor"]
[Black "Chatalbashev, Boris"]
[Result "1-0"]
[WhiteTitle "GM"]
[BlackTitle "GM"]
[WhiteElo "2651"]
[BlackElo "2542"]
[WhiteFideId "14117908"]
[BlackFideId "2900440"]
[EventDate "2016.09.30"]

1. c4 c5 2. Nf3 Nc6 3. Nc3 g6 4. e3 Nf6 5. d4 Bg7 6. d5 Na5 7. Be2 d6 8. e4 O-O
9. O-O e5 10. Bg5 h6 11. Bd2 b6 12. b3 Bd7 13. Qc1 Kh7 14. Ne1 a6 15. Qc2 Rc8
16. Kh1 Qe7 17. Rb1 Nb7 18. a3 h5 19. Nf3 Bh6 20. Ng5+ Kg7 21. Qc1 Ng8 22. h4 f6
23. b4 Rb8 24. Be3 cxb4 25. axb4 a5 26. Qd2 Rfc8 27. g3 axb4 28. Rxb4 Nc5 29.
Rfb1 Ra8 30. Qc1 Qf8 31. Kg2 Bxg5 32. hxg5 f5 33. Rxb6 Nxe4 34. Rb7 Qe8 35. Nxe4
fxe4 36. R1b6 Rab8 37. Qa3 Rxb7 38. Rxb7 Qf7 39. g4 1-0

[Event "Oslo Open 2016"]
[Site "Fornebu NOR"]
[Date "2016.10.03"]
[Round "5.2"]
[White "Djurhuus, Rune"]
[Black "Moiseenko, Alexander"]
[Result "0-1"]
[WhiteTitle "GM"]
[BlackTitle "GM"]
[WhiteElo "2413"]
[BlackElo "2648"]
[WhiteFideId "1500082"]
[BlackFideId "14102560"]
[EventDate "2016.09.30"]

1. d4 Nf6 2. Nf3 e6 3. e3 c5 4. Bd3 d5 5. b3 cxd4 6. exd4 Bd6 7. O-O O-O 8. Ba3
b6 9. Bxd6 Qxd6 10. Qe2 Nc6 11. c3 Bb7 12. Nbd2 Rac8 13. Rac1 Rc7 14. Rc2 Rfc8
15. Rfc1 Qf4 16. g3 Qh6 17. h4 Qh5 18. Qe3 Ne7 19. Ne5 Nf5 20. Qf4 Qh6 21. Qxh6
Nxh6 22. f3 Ne8 23. f4 Nd6 24. Kf2 f6 25. Nef3 Ne4+ 26. Bxe4 dxe4 27. Ne1 Ng4+
28. Ke2 e5 29. dxe5 fxe5 30. Ng2 e3 31. Nxe3 Nxe3 32. Kxe3 exf4+ 33. Kxf4 Re8
34. h5 Rf7+ 35. Kg5 Re5+ 36. Kh4 g5+ 37. hxg6 hxg6 38. g4 g5+ 39. Kh5 Rh7+ 40.
Kg6 Rg7+ 41. Kf6 Rge7 42. Kg6 R7e6+ 43. Kh5 Kg7 0-1

[Event "Oslo Open 2016"]
[Site "Fornebu NOR"]
[Date "2016.10.03"]
[Round "5.3"]
[White "Zubov, Alexander"]
[Black "Krupenski, Juri"]
[Result "1/2-1/2"]
[WhiteTitle "GM"]
[BlackTitle "FM"]
[WhiteElo "2606"]
[BlackElo "2423"]
[WhiteFideId "14109409"]
[BlackFideId "4501101"]
[EventDate "2016.09.30"]

1. d4 Nf6 2. c4 e6 3. Nf3 Bb4+ 4. Nbd2 O-O 5. a3 Be7 6. e3 c5 7. b3 b6 8. Bb2
Bb7 9. Bd3 d6 10. O-O Nbd7 11. Qe2 Qc7 12. Rad1 Rfe8 13. Ng5 Bf8 14. f4 cxd4 15.
exd4 g6 16. Qf2 Bg7 17. Qh4 h6 18. Ngf3 Nh5 19. Rde1 f5 20. g3 1/2-1/2

[Event "Oslo Open 2016"]
[Site "Fornebu NOR"]
[Date "2016.10.03"]
[Round "5.4"]
[White "Derakhshani, Dorsa"]
[Black "Tari, Aryan"]
[Result "0-1"]
[WhiteTitle "WIM"]
[BlackTitle "GM"]
[WhiteElo "2405"]
[BlackElo "2570"]
[WhiteFideId "12500330"]
[BlackFideId "1510045"]
[EventDate "2016.09.30"]

1. e4 c5 2. Nf3 d6 3. Bb5+ Nd7 4. d4 cxd4 5. Qxd4 a6 6. Bxd7+ Bxd7 7. c4 Nf6 8.
Bg5 e6 9. Nc3 Bc6 10. O-O Be7 11. Rac1 h6 12. Bh4 O-O 13. Kh1 b5 14. cxb5 axb5
15. Rfd1 Rc8 16. Bxf6 Bxf6 17. Qb4 Qb6 18. Nd4 Bd7 19. b3 Rc5 20. a4 Rfc8 21.
Nde2 Qc7 22. Na2 bxa4 23. bxa4 Qa7 24. Rxd6 Rxc1+ 25. Naxc1 Qxf2 26. Rd1 Be5 27.
a5 Rb8 28. Qa3 Bc6 29. Rg1 Bxe4 30. a6 Ra8 31. Nd3 Qxe2 32. Nxe5 Rxa6 33. Qg3
Ra5 0-1

[Event "Oslo Open 2016"]
[Site "Fornebu NOR"]
[Date "2016.10.03"]
[Round "5.5"]
[White "Blomqvist, Erik"]
[Black "Bracker, Frank"]
[Result "1-0"]
[WhiteTitle "GM"]
[BlackTitle "IM"]
[WhiteElo "2545"]
[BlackElo "2427"]
[WhiteFideId "1709437"]
[BlackFideId "24614343"]
[EventDate "2016.09.30"]

1. Nf3 Nf6 2. g3 e6 3. Bg2 d5 4. c4 Be7 5. O-O O-O 6. d4 dxc4 7. Ne5 Nc6 8. Nxc6
bxc6 9. Na3 Rb8 10. Nxc4 Rb4 11. b3 Bd7 12. Qc2 c5 13. dxc5 Bxc5 14. Rd1 Qe7 15.
Bb2 Rd8 16. Ne5 Bd6 17. Rac1 Rbb8 18. Qc3 Bb5 19. Bf3 a6 20. Kg2 h5 21. h4 Bb4
22. Nc6 Bxc6 23. Qxc6 e5 24. e3 a5 25. Qxc7 e4 26. Be2 Qxc7 27. Rxc7 Rxd1 28.
Bxd1 Nd5 29. Rd7 Nc3 30. Bxc3 Bxc3 31. Bxh5 g6 32. Be2 f5 33. h5 gxh5 34. Bc4+
Kh8 35. Rf7 Rb6 36. Rxf5 Rf6 37. Rxf6 Bxf6 38. Bd5 Kg7 39. Bxe4 Bc3 40. f4 Kh6
41. Kf3 Be1 42. Bf5 1-0

[Event "Oslo Open 2016"]
[Site "Fornebu NOR"]
[Date "2016.10.03"]
[Round "5.6"]
[White "Elsness, Frode"]
[Black "Arvola, Benjamin"]
[Result "1-0"]
[WhiteTitle "IM"]
[BlackTitle "FM"]
[WhiteElo "2444"]
[BlackElo "2346"]
[WhiteFideId "1501100"]
[BlackFideId "1506536"]
[EventDate "2016.09.30"]

1. d4 Nf6 2. c4 g6 3. Nc3 Bg7 4. e4 d6 5. Nf3 O-O 6. Be2 e5 7. O-O Nc6 8. d5 Ne7
9. Nd2 Nd7 10. b4 f5 11. c5 Nf6 12. f3 f4 13. a4 g5 14. Ba3 Ng6 15. b5 Ne8 16.
Nc4 Rf7 17. b6 cxb6 18. Nxd6 Nxd6 19. cxd6 a6 20. d7 Bxd7 21. d6 Rc8 22. Qb3 Bf8
23. Bc4 Rxc4 24. Qxc4 h5 25. Qc7 Qe8 26. Nd5 g4 27. Nxb6 Bxa4 28. Qc8 Qxc8 29.
Nxc8 Bc6 30. Rfc1 Rd7 31. Na7 Bxd6 32. Nxc6 Bxa3 33. Rxa3 bxc6 34. Rxc6 Nh4 35.
fxg4 hxg4 36. Rc2 Kg7 37. Kf2 Rd6 38. Rca2 Rd4 39. Rxa6 Rxe4 40. Rb6 g3+ 41. Kf1
Ng6 42. Ra7+ Kh6 43. Raa6 gxh2 44. Rxg6+ Kh5 45. Rh6+ Kg4 46. Rxh2 Rb4 47. Rh8
Kf5 48. Rf8+ Ke4 49. Ra5 Rb1+ 50. Kf2 Rb2+ 51. Kg1 Rb1+ 52. Kh2 Rb7 53. Re8 Rh7+
54. Kg1 Rh5 55. Kf2 Rg5 56. Ra4+ Kf5 57. Rf8+ Ke6 58. Ra3 Rg7 59. Re8+ Kf6 60.
Ra6+ 1-0

[Event "Oslo Open 2016"]
[Site "Fornebu NOR"]
[Date "2016.10.03"]
[Round "5.7"]
[White "Dahl, Trygve"]
[Black "Arnaudov, G. Petar"]
[Result "0-1"]
[BlackTitle "GM"]
[WhiteElo "2167"]
[BlackElo "2474"]
[WhiteFideId "1513427"]
[BlackFideId "2907127"]
[EventDate "2016.09.30"]

1. e4 g6 2. d4 Bg7 3. Nc3 c6 4. f4 d5 5. e5 Nh6 6. Be3 f6 7. Nf3 Bg4 8. Be2 O-O
9. Qd2 e6 10. O-O-O Bxf3 11. Bxf3 Nf5 12. Bf2 fxe5 13. dxe5 Nd7 14. Kb1 Bh6 15.
Rde1 Ng7 16. Be3 c5 17. g4 d4 18. g5 Bxg5 19. Qg2 Bxf4 20. Bxf4 Rxf4 21. Bxb7
Rb8 22. Nd1 Qc7 0-1

[Event "Oslo Open 2016"]
[Site "Fornebu NOR"]
[Date "2016.10.03"]
[Round "5.8"]
[White "Abdumalik, Zhansaya"]
[Black "Rebers, Eugene"]
[Result "1-0"]
[WhiteTitle "WGM"]
[BlackTitle "FM"]
[WhiteElo "2389"]
[BlackElo "2156"]
[WhiteFideId "13703544"]
[BlackFideId "1007556"]
[EventDate "2016.09.30"]

1. e4 c5 2. Nf3 g6 3. d4 cxd4 4. Nxd4 Nc6 5. c4 Nf6 6. Nc3 Nxd4 7. Qxd4 d6 8.
Bg5 Bg7 9. Be2 O-O 10. Qd2 a5 11. O-O a4 12. Rac1 Be6 13. f3 Qa5 14. Nd5 Qxd2
15. Bxd2 Nxd5 16. exd5 Bd4+ 17. Kh1 Bd7 18. Bc3 Bxc3 19. Rxc3 Rfc8 20. Rfc1 Kf8
21. Kg1 e6 22. dxe6 Bxe6 23. Rd1 Ke7 24. a3 Rc5 25. Kf2 Rd8 26. Rd4 Bd7 27. Re3+
Re5 28. c5 Be6 29. cxd6+ Rxd6 30. Rxa4 Rxe3 31. Kxe3 Rb6 32. b4 Kd7 33. b5 Bd5
34. Rh4 h5 35. Rd4 Rd6 36. Kd2 f6 37. Kc3 Bf7 38. Bc4 Be8 39. a4 Rxd4 40. Kxd4
Kd6 41. a5 1-0

[Event "Oslo Open 2016"]
[Site "Fornebu NOR"]
[Date "2016.10.03"]
[Round "5.9"]
[White "Tolhuizen, Ludo"]
[Black "Hauge, Lars Oskar"]
[Result "0-1"]
[BlackTitle "IM"]
[WhiteElo "2148"]
[BlackElo "2385"]
[WhiteFideId "1000802"]
[BlackFideId "1509276"]
[EventDate "2016.09.30"]

1. d4 Nf6 2. Nf3 e6 3. Bf4 c5 4. c3 b6 5. e3 Bb7 6. Nbd2 Be7 7. h3 O-O 8. Bd3
cxd4 9. exd4 d6 10. O-O Nbd7 11. Qc2 Qc7 12. Rfe1 Rac8 13. Bh2 Rfe8 14. a4 Bc6
15. Ba6 Rcd8 16. Ng5 Nf8 17. Bb5 Ng6 18. Ndf3 Nf8 19. Qe2 Rc8 20. a5 h6 21. axb6
axb6 22. Bxc6 Qxc6 23. Ne4 N8d7 24. Nxf6+ Bxf6 25. Ra6 e5 26. dxe5 dxe5 27. Bg3
Nc5 28. Ra7 e4 29. Nd4 Bxd4 30. cxd4 Nd3 31. Rea1 Qd5 32. Qg4 Qxd4 33. Qf5 Qc4
34. Rb7 Rc5 35. Qd7 Qe6 36. Qxe6 Rxe6 37. Ra8+ Kh7 38. Rxf7 Nxb2 39. Raa7 Rg6
40. Rfe7 Nc4 41. Rxe4 Nd2 42. Re1 h5 43. h4 Rc4 44. Rb7 Ne4 45. Kh2 Nf6 46. Rb1
Ng4+ 47. Kg1 Rgc6 48. Kf1 Rf6 49. R7xb6 Ne3+ 50. Ke2 Rxb6 51. Rxb6 Nxg2 52. Rb5
Kh6 53. Rb6+ g6 54. Kf3 Nxh4+ 55. Bxh4 Rxh4 56. Kg3 Rg4+ 57. Kh3 Ra4 58. Rb5
Ra3+ 59. Kg2 Ra4 60. Kg3 Rg4+ 61. Kh3 Rg5 62. Rb7 Rf5 63. Kg3 Kg5 64. Rb4 Ra5
65. f4+ Kf5 66. Rb3 Rc5 67. Ra3 Rb5 68. Rc3 Rd5 69. Ra3 Ke4 70. Ra4+ Rd4 71. Ra6
Rd3+ 72. Kg2 Kf5 73. Rb6 h4 74. Ra6 Rg3+ 75. Kh2 Kxf4 76. Ra4+ Kg5 77. Ra5+ Kh6
78. Rb5 Ra3 79. Rc5 g5 80. Rc6+ Kh5 81. Rc4 Ra2+ 82. Kh3 g4+ 0-1